| 000 | 00613nam a2200193Ia 4500 | ||
|---|---|---|---|
| 003 | IN-BaIIA | ||
| 008 | 211028s9999 xx 000 0 eng d | ||
| 020 | _a0-8247-1015-0 | ||
| 040 | _cIIA Library | ||
| 080 |
_a535.375.5 _bTHE-2 |
||
| 245 | 4 |
_aThe Raman effect _bvol. 2, applications _cedited by A. Anderson |
|
| 260 |
_aNew York _bMarcel Dekker _c1973 |
||
| 300 | _axi, 405-1033p. | ||
| 650 | _aAstronomy and astrophysics thesaurus | ||
| 650 |
_aOptics Raman effect _910745 |
||
| 650 |
_aRaman spectroscopy _95172 |
||
| 700 |
_aAnderson, A., ed. _97070 |
||
| 942 | _cBK | ||
| 999 |
_c6253 _d6253 |
||